Lokathe pidichu kulukkiya pathu divasangal/ (Record no. 26094)

000 -LEADER
fixed length control field 00382nam a22001451a 4500
082 ## - DEWEY DECIMAL CLASSIFICATION NUMBER
Classification number M 909
Item number JOH/L
100 ## - MAIN ENTRY--PERSONAL NAME
Personal name John Reed
9 (RLIN) 103617
245 ## - TITLE STATEMENT
Title Lokathe pidichu kulukkiya pathu divasangal/
Statement of responsibility, etc. by John Reed
260 ## - PUBLICATION, DISTRIBUTION, ETC.
Place of publication, distribution, etc. Thiruvananthapuram:
Name of publisher, distributor, etc. Prabhat,
Date of publication, distribution, etc. 1987.
300 ## - PHYSICAL DESCRIPTION
Extent 536p.
500 ## - GENERAL NOTE
General note John Reed
650 ## - SUBJECT ADDED ENTRY--TOPICAL TERM
Topical term or geographic name entry element History World
9 (RLIN) 103618
650 ## - SUBJECT ADDED ENTRY--TOPICAL TERM
Topical term or geographic name entry element History
9 (RLIN) 103619
942 ## - ADDED ENTRY ELEMENTS (KOHA)
Koha item type Book
Holdings
Withdrawn status Lost status Damaged status Not for loan Permanent Location Current Location Date acquired Cost, normal purchase price Total Checkouts Full call number Barcode Date last seen Cost, replacement price Price effective from Koha item type
        Sree Sankaracharya University of Sanskrit Sree Sankaracharya University of Sanskrit 08.01.2015 75.00   M 909 JOH/L 014980 08.01.2015 0.00 08.01.2015 Book